Statistiques concernant Réchauffement climatique #1 : rio de janeiro

Cliquez ici pour prendre le quiz!

Statistiques générales

  • Ce quiz a été pris 16 fois
  • Le résultat moyen est 4 sur 10

Statistiques - réponses

QuestionRéponse% Correct
CaniculeOui
100%
Submersion marineOui
73%
Accès à l'eau potableOui
67%
Inondation fluvialeOui
60%
SècheresseNon
33%
Ressource de pêcheNon
33%
Qualité de l'airNon
20%
Baisse des récoltesNon
20%
Maladies/insectesNon
7%
SurpopulationNon
7%

Distribution des résultats

Percentile par nombre de réponses

% des personnes avec chaque résultat

Votre développement - résultats

Vous n’avez pas pris ce quiz